| 000 | 00410nam a2200169Ia 4500 | ||
|---|---|---|---|
| 005 | 20140405095818.0 | ||
| 008 | 140130s9999 xx 000 0 und d | ||
| 050 |
_aPZ 8.9 _b.F85Po 1978 |
||
| 245 |
_cTreeman, Don _aA pocket for corduroy |
||
| 260 |
_bScholastic, _c1978 |
||
| 300 |
_a32 p. : _bcol. ill. ; _c 21 cm. |
||
| 440 | _v1 | ||
| 521 | _aG4 | ||
| 526 | _c660 | ||
| 942 |
_cBK _2lcc |
||
| 999 |
_c40880 _d40880 |
||